000 00452nam a2200169 4500
003 OSt
005 20240715033153.0
006 a
008 240715b |||||||| |||| 00| 0 eng d
040 _aDWCL-Main lib.
_cOC
082 _aFil. 266 Es81w 2007
100 _aEstioko, Leonardo
245 _aWitness to the Word vol.2 /
260 _aManila,
_bLogos Pub.,
_cc2007.
300 _b83 pages : illustrations ;
_c23cm.
942 _2ddc
_n0
_cBK - FIL
_mFil.
999 _c2171
_d2171